| 000 | 00485cam a22001697a 4500 | ||
|---|---|---|---|
| 008 | 180718b2000 xxu||||| |||| 00| 0 eng d | ||
| 020 | _a8171696104 | ||
| 082 | _aB136x54 D854 | ||
| 100 | _aDubey, M.K. | ||
| 245 |
_aRural and urban development in India _cby M.K. Dubey |
||
| 260 |
_aNew Delhi _bCommonwealth Pub. _c2000 |
||
| 300 | _a344p. | ||
| 650 | _a(Written off) | ||
| 650 | _aUrbanization - India | ||
| 650 | _aCities and towns - Growth | ||
| 650 | _aRural development - India | ||
| 999 |
_c395545 _d395545 |
||